000 01987cam0 2200421 ib4500
001 BY-MI0010-br92719
005 20251203170230.0
010 ^a978-5-17-083256-9
^bв переплете
^d11.85 р.
035 ^a(BY-MI0010)BY-MI0010-br92719
100 ^a20251203d2024 c y0rusy50 ca
101 0 ^arus
102 ^aRU
105 ^aa z 000oy
109 ^ama
200 1 ^aСказка о потерянном времени
^e[сказки
^eдля младшего школьного возраста]
^fЕ. Шварц
^gхудожник Е. Муратова
210 ^aМосква
^cАСТ
^d2024
215 ^a77, [2] с.
^cил.
^d22 см
225 1 ^aБиблиотека начальной школы
303 ^aпроизведения печатаются без сокращений
333 ^a0+
345 ^94 000 экз. (дополнительный тираж)
464 1 ^12001
^aДва брата
464 1 ^12001
^aНовые приключения Кота в сапогах
606 ^aРУССКАЯ ЛИТЕРАТУРА
^3BY-NLB-ar28702
^2DVNLB
606 ^aВОЛШЕБНЫЕ СКАЗКИ
^3BY-NLB-ar2687785
^2DVNLB
608 ^aДЕТСКАЯ И ЮНОШЕСКАЯ ЛИТЕРАТУРА (художеств. произведение)
^3BY-NLB-ar9019
^2BYGNR
608 ^aЛИТЕРАТУРНАЯ СКАЗКА
^3BY-NLB-ar16440
^2BYGNR
686 ^a84(2Рос)6-45
^2rubbk
690 ^a1
^2Base
^9BY-MI0010
^xRSEK
700 1 ^aШварц
^bЕ. Л.
^gЕвгений Львович
^cписатель
^f1896—1958
^3BY-NLB-ar156711
702 1 ^aМуратова
^bЕ. Л.
^gЕкатерина Леонидовна
^cхудожник
^3BY-SEK-ar14974172
^4040
801 0 ^aBY
^bBY-MI0010
^c20251203
^gRCR
899 0 ^aBY-MI0010
^iШ33
^h84(2Рос)6